Príručka slovenského pravopisu Pre školy

Enregistré dans:
Détails bibliographiques
Format: Livre
Langue:slovaque
Publié: Bratislava Slov. ped. nakl. 1986
Édition:9. vyd.
Tags: Ajouter un tag
Pas de tags, Soyez le premier à ajouter un tag!

MARC

LEADER 00000nam a2200000 4500
001 c034406
005 20250711100747.5
041 0 |a slo 
044 |a SK 
245 1 0 |a Príručka slovenského pravopisu  |b Pre školy  |c Ján Oravec, Vincent Laca 
250 |a 9. vyd. 
264 1 |a Bratislava  |b Slov. ped. nakl.  |c 1986 
300 |a 598 s.